000 03029nam a2200373Ka 4500
001 bslw06330852
003 UtOrBLW
005 20210303085423.0
006 m d
007 cr un|||||||||
008 101115s2001 enk o 001 0 eng d
020 _a9781849500029 (electronic bk.) :
_c£72.95 ; €103.95 ; $129.95
040 _aUtOrBLW
_cUtOrBLW
050 4 _aZ665
_b.A38 2001
072 7 _aGL
_2bicssc
072 7 _aLIB
_2bicssc
072 7 _aLAN025000
_2bisacsh
080 _a02
082 0 4 _a020
_222
245 0 0 _aAdvances in librarianship.
_nVol. 25
_h[electronic resource] /
_cedited by Frederick C. Lynden.
260 _aBingley, U.K. :
_bEmerald,
_c2001.
300 _a1 online resource (xiii, 260 p.).
490 0 _aAdvances in librarianship,
_x0065-2830
500 _aIncludes index.
505 0 _aInformation literacy for undergraduates : where have we been and where are we going? / Marybeth McCartin, Paula Feid -- Quality assessment measures in libraries / Danuta A. Nitecki -- Enhancing access and progressing the collaborative agenda : the UK research support libraries programme / Ronald Milne -- Reinventing the treasure room : the role of special collections librarianship in the 21st century / Jonathan B. Bengtson -- The development of public libraries in Denmark since 1964 / Ole Harbo -- Acquisitions reengineering / Thger Kristensen -- New information technologies in Russian libraries / Evgeny Kuz'min -- Information ethics / Martha Smith -- Collection evaluation : new measures for a new environment / G.E. Gorman, Ruth H. Miller -- Evaluating academic library quality today / Susan L. Perry, David C. Weber.
520 _aCritically acclaimed since its inception, Advances in Librarianship continues to be the essential reference source for developments in the field of libraries and library science. Articles published in the series have won national prizes, such as the Blackwell North America Scholarship Award for the outstanding 1994 monograph, article, or original paper in the field of acquisitions, collection, development, and related areas of resource development. All areas of public, college, university, primary and secondary schools, and special libraries are given up-to-date, critical analysis by experts engaged in the practice of librarianship, in teaching, and in research. Throughout all of the chapters of this 25th volume of Advances in Librarianship runs a thread of technology that is now embraced by libraries of every nation and type. It is clear that libraries are sharing technological developments everywhere in the world, from Russia to New Zealand. Not only are rare book librarians using technology but funding agencies are supporting its spread as well.
588 0 _aPrint version record
650 0 _aLibrary science.
650 0 _aInformation science.
700 1 _aLynden, Frederick C.
776 1 _z9780120246250
856 4 0 _uhttps://www.emerald.com/insight/publication/doi/10.1016/S0065-2830(2001)25
913 _1BMEbacklist
999 _c32096
_d32096